Ninte Ormakku_Malayalam (Record no. 38108)

MARC details
000 -LEADER
fixed length control field 01894nam a22001937a 4500
020 ## - INTERNATIONAL STANDARD BOOK NUMBER
ISBN 9788126422180
082 ## - DEWEY DECIMAL CLASSIFICATION NUMBER
Classification number 920 VAS
100 ## - MAIN ENTRY--AUTHOR NAME
Personal name Vasudevan Nair M T
245 ## - TITLE STATEMENT
Title Ninte Ormakku_Malayalam
250 ## - EDITION STATEMENT
Edition statement 1
260 ## - PUBLICATION, DISTRIBUTION, ETC. (IMPRINT)
Name of publisher DC Books
Place of publication Kottayam
Year of publication 2025
300 ## - PHYSICAL DESCRIPTION
Number of Pages Number of pages : 96
500 ## - GENERAL NOTE
General note Category : Short Stories, Best Sellers
520 ## - SUMMARY, ETC.
Summary, etc เดตเดฟเดณเดฑเดฟเดฏ เดตเดŸเตเดŸเดฎเตเด–เดตเตเด‚ เดตเดฟเดŸเดฐเตโ€เดจเตเดจ เด•เดฃเตเดฃเตเด•เดณเตเด‚ เด•เดดเตเดคเตเดคเตเดตเดฐเต† เดตเดณเดฐเตโ€เดจเตเดจเต เดšเตเดฐเตเดฃเตเดŸ เดšเต†เดฎเตเดชเดจเตโ€เดฎเตเดŸเดฟเดฏเตเดฎเตเดณเตเดณ เด’เดฐเต เดชเต†เดฃเตโ€เด•เตเดŸเตเดŸเดฟ... เด…เดšเตเด›เดจเตโ€ เด…เดตเดณเต‹เดŸเต†เดจเตเดคเต‹ เดชเดฑเดžเตเดžเต. เดŽเดจเดฟเด•เตเด•เดœเตเดžเดพเดคเดฎเดพเดฏเดฟเดฐเตเดจเตเดจเต เด† เดญเดพเดท. เด…เดตเดณเตโ€ เดคเดฒ เด•เตเดฒเตเด•เตเด•เดฟ... เดŽเดจเตเดจเดฟเดŸเตเดŸเต เดชเดคเตเด•เตเด•เต† เด‰เดฎเตเดฎเดฑเด•เตเด•เต‹เดฒเดพเดฏเดฟเดฒเต‡เด•เตเด•เต เด•เดฏเดฑเดฟ, เด…เดฎเตเดชเดฐเดชเตเดชเต‹เดŸเต† เดจเดฟเดจเตเดจเต. เด† เดธเดฟเด‚เดนเดณเดชเตเดชเต†เดฃเตเดฃเต เดธเดนเต‹เดฆเดฐเดฟเดฏเดพเดฃเต... เด’เดฐเต เดชเดจเตเดคเต€เดฐเดพเดฃเตเดŸเดฟเดจเตเดถเต‡เดทเด‚ เด…เดตเดณเต†เด•เตเด•เตเดฑเดฟเดšเตเดšเต เด“เดฐเตโ€เดคเตเดคเตเดชเต‹เดฏเดฟ. เด’เดฐเต เดชเดฟเดฑเดจเตเดจเดพเดณเดฟเดจเตเดฑเต† เด“เตผเดฎเตเดฎ, เดตเดณเตผเดคเตเดคเตเดฎเตƒเด—เด™เตเด™เตพ, เดจเดฟเดจเตเดฑเต† เด“เตผเดฎเตเดฎเดฏเตเด•เตเด•เต, เดฎเดฐเดฃเดคเตเดคเดฟเดจเตเดฑเต† เด•เตˆเดคเตเดคเต†เดฑเตเดฑเต, เด•เต‹เดŸเตเดŸเดฏเตเดŸเต† เดจเดฟเดดเตฝ, เด“เดชเตเดชเต‹เตพ เดŽเดจเตเดจเต€ เด†เดฑเต เด•เดฅเด•เดณเตเดŸเต† เดธเดฎเดพเดนเดพเดฐเด‚. เดฎเดจเดธเตเดธเดฟเดจเต† เดชเดฟเดŸเดฟเดšเตเดšเตเดฒเดฏเตเด•เตเด•เตเดจเตเดจ เด†เดคเตเดฎเดจเตŠเดฎเตเดชเดฐเด™เตเด™เดณเดพเดฃเต เดˆ เด•เดฅเด•เดณเต‹เดฐเต‹เดจเตเดจเตเด‚.
546 ## - LANGUAGE NOTE
Language note Language : Malayalam
650 ## - SUBJECT ADDED ENTRY--TOPICAL TERM
Topical Term GEN
942 ## - ADDED ENTRY ELEMENTS (KOHA)
Koha item type Text Book
952 ## - LOCATION AND ITEM INFORMATION (KOHA)
Damaged status
Not for loan
Holdings
Withdrawn status Collection code Permanent Location Current Location Date acquired Source of acquisition Cost, normal purchase price Inventory number Full call number Accession Number Price effective from Koha item type
  GENERAL VAST Central Library VAST Central Library 25/11/2025 DC Bookshop,Thrissur 130.00 000729 920 VAS 38250 18/12/2025 Text Book